000 00443nam a2200169 4500
001 144217
003 ES-MaACL
005 20230906200952.0
007 t|
008 070214s1967 sp r ||||1| spa d
100 1 _aSierra, Fernando.
_9106253
245 1 0 _aAl filo de cada día /
_cFernando Sierra.
250 _a1ª. ed.
260 _aBarcelona :
_bEstela,
_c1967.
300 _a158 p. ;
_c20 cm.
852 _aES-MaACL
_jC-33107
_bR.63498
999 _c144217
_d144217